000 00966nam a22001937a 4500
003 OSt
005 20251121133541.0
008 251121b |||||||| |||| 00| 0 eng d
040 _cDCL
082 _a၂၉၄.၃၈၂၄၆
130 _aတိပိဋက။
_pအဘိဓမ္မာပိဋက။
_tပဥ္စကရဏ၊
_lအဋ္ဌကထာ၊
_sနိဿယ။
245 _aပဥ္စကရဏအဋ္ဌကထာနိဿယ၊
_nဒုတိယတွဲ /
264 _aရန်ကုန် ၊
_bသုဓမ္မဝတီစာပုံနှိပ်တိုက်၊
_c၁၉၁၅။
300 _a၄၅၆ စာမျက်နှာ ၊
_c၂၅ စင်တီ။
650 _aပဥ္စကရဏ
_vအဋ္ဌကထာနိဿ။
650 _aယမိုက်
_vအဋ္ဌကထာနိဿ။
650 _aပဋ္ဌာန်း
_xအဋ္ဌကထာနိဿ။
942 _2ddc
_cSHORT TERM
_n0
999 _c2569
_d2569